Flores y frutos en el carácter infantil /
Descripción Física:
Il·lustracions
Colección:
San Jorge,
; núm. 18 (abril 1955), pàg 49-53
Otros Autores:
Léonard, Jacques, 1909-1995
Materias:
Infants
Idioma:
Español
MARC
| LEADER | 00000naa a2200000 a 4500 | ||
|---|---|---|---|
| 003 | Arxiu | ||
| 005 | 20260324181033.0 | ||
| 008 | 160829s1955 spcaxx s spa c | ||
| 040 | |a AGDB | ||
| 100 | |a Portabella Durán, Pedro |9 19595 | ||
| 245 | 1 | 0 | |a Flores y frutos en el carácter infantil / |c doctor P. Portabella Durán |
| 300 | |b Il·lustracions | ||
| 490 | |a San Jorge, |v núm. 18 (abril 1955), pàg 49-53 | ||
| 500 | |a Fotografies: J. Léonard | ||
| 590 | |a Conté 8 fotografies | ||
| 650 | |a Infants |9 43620 | ||
| 700 | 1 | |9 55136 |a Léonard, Jacques, |d 1909-1995 |e fotografies | |
| 773 | |g Núm. 18 (abril 1955), pàg 49-53 |t San Jorge. | ||
| 901 | |a Arxiu | ||
| 942 | |n 1 |2 udc |c ART | ||
| 952 | |0 0 |1 0 |4 0 |6 REV510 |7 1 |9 65128 |a Arxiu |b Arxiu |d 2023-01-25 |l 0 |o Rev-510 |r 2023-01-25 00:00:00 |w 2023-01-25 |y ARXIU |z També disponible a Rev-524 | ||
| 999 | |c 48009 |d 48009 | ||